30 Największych Miast w Państwach Bałkańskich na Mapie - Statystyki

Ogólne statystyki
  • Ten quiz został rozwiązany 49 razy
  • Średni wynik to 19 z 30
Odpowiedzi na mapie
Odpowiedzi zakodowano w zielono-czerwonej skali na mapie do tego quizu, zgodnie z poniższymi procentami.
 
Statystyki odpowiedzi
Państwo Miasto Populacja % Poprawnych
Grecja Ateny 3,1 mln
97%
Rumunia Bukareszt 1,7 mln
97%
Słowenia Lublana 290k
97%
Bośnia i Hercegowina Sarajewo 350k
97%
Bułgaria Sofia 1,2 mln
97%
Albania Tirana 390k
97%
Serbia Belgrad 1,2 mln
95%
Chorwacja Zagrzeb 660k
95%
Grecja Saloniki 800k
92%
Macedonia Północna Skopje 420k
92%
Mołdawia Kiszyniów 565k
89%
Chorwacja Split 150k
86%
Bułgaria Warna 320k
70%
Serbia Nowy Sad 260k
68%
Bułgaria Burgas 190k
57%
Rumunia Kluż-Napoka 285k
57%
Bułgaria Płowdiw 330k
49%
Rumunia Konstanca 265k
46%
Serbia Nisz 180k
46%
Rumunia Timisoara 250k
46%
Rumunia Braszów 240k
41%
Rumunia Jassy 270k
41%
Grecja Heraklion 160k
38%
Rumunia Krajowa 235k
30%
Rumunia Oradea 180k
30%
Grecja Patras 200k
27%
Grecja Larisa 150k
24%
Rumunia Gałacz 220k
22%
Rumunia Ploeszti 180k
16%
Rumunia Braiła 155k
14%
Nie znaleziono quizów pasujących do podanych kryteriów
Rozkład punktacji
Procent ludzi z każdym wynikiem
Percentyl według liczby udzielonych odpowiedzi
Twoja historia wyników
Nie rozwiązałeś tego quizu